01791nam a22003734a 4500001001200000003000800012006001900020007001500039008004100054010001700095020003600112020003500148040002100183035002100204050002800225082002100253245015400274246007600428260005200504300001700556500026500573504005100838533015200889650002801041650003101069650003001100650003401130650004501164655002901209700002101238710001701259856012601276999001501402ebr10019087CaPaEBRm u cr cn|||||||||010209s2002 hiu sb s001 0 eng  z 2001028121 z0824824075 (cloth : alk. paper) z0824824881 (pbk. : alk. paper) aCaPaEBRcCaPaEBR a(OCoLC)61453681514aHQ1075.5.K6bU53 2002eb04a305.3/09519522100aUnder constructionh[electronic resource] :bthe gendering of modernity, class, and consumption in the Republic of Korea /cedited by Laurel Kendall.3 aGendering of modernity, class, and consumption in the Republic of Korea aHonolulu :bUniversity of Hawaii Press,cc2002. aviii, 206 p. aA collection of 7 papers, 5 originally presented at a workshop on "Gender and Social Change in Late Twentieth-Century Korea," held at Columbia University in the spring of 1995 under the sponsorhip of the Center for Korean Research, and revised for this volume. aIncludes bibliographical references and index. aElectronic reproduction.bPalo Alto, Calif. :cebrary,d2013.nAvailable via World Wide Web.nAccess may be limited to ebrary affiliated libraries. 0aSex rolezKorea (South) 0aMasculinityzKorea (South) 0aFemininityzKorea (South) 0aSocial classeszKorea (South) 0aWomenzKorea (South)xSocial conditions. 7aElectronic books.2local1 aKendall, Laurel.2 aebrary, Inc.40uhttp://site.ebrary.com/lib/rucke/Doc?id=10019087zAn electronic book accessible through the World Wide Web; click to view c9176d9176